<?xml version="1.0" encoding="UTF-8"?>
<collection xmlns="http://www.loc.gov/MARC21/slim">
 <record>
  <leader>01234pamaa2200241   4500</leader>
  <controlfield tag="001">0000049681</controlfield>
  <controlfield tag="005">20121206090000.0</controlfield>
  <controlfield tag="008">111011                             eng  </controlfield>
  <datafield tag="020" ind1="0" ind2="0">
   <subfield code="a">9780071314466 / 0071314466 (pbk.) </subfield>
  </datafield>
  <datafield tag="090" ind1="0" ind2="0">
   <subfield code="a">QD415 </subfield>
   <subfield code="b">CHE 2012</subfield>
  </datafield>
  <datafield tag="245" ind1="1" ind2="0">
   <subfield code="a">Chemistry in context : </subfield>
   <subfield code="b">applying chemistry to society  </subfield>
   <subfield code="c">Catherine H. Middlecamp ... [et al.].</subfield>
  </datafield>
  <datafield tag="250" ind1="0" ind2="0">
   <subfield code="a">7th ed.</subfield>
  </datafield>
  <datafield tag="260" ind1="0" ind2="0">
   <subfield code="a">Boston: </subfield>
   <subfield code="b">McGraw-Hill Higher Education, </subfield>
   <subfield code="c">2012.</subfield>
  </datafield>
  <datafield tag="300" ind1=" " ind2=" ">
   <subfield code="a">xviii, 519 p.[i-13]: </subfield>
   <subfield code="b">col. ill, col. maps; </subfield>
   <subfield code="c">28 cm.</subfield>
  </datafield>
  <datafield tag="500" ind1="0" ind2="0">
   <subfield code="a">Includes index</subfield>
  </datafield>
  <datafield tag="500" ind1="0" ind2="0">
   <subfield code="a">&quot;A Product of the American Chemical Society.&quot;</subfield>
  </datafield>
  <datafield tag="501" ind1="0" ind2="0">
   <subfield code="a">AUP</subfield>
  </datafield>
  <datafield tag="505" ind1="0" ind2="0">
   <subfield code="a">Chemistry for a sustainable future -- The air we breathe -- Protecting the ozone layer -- The chemistry of global warming -- Energy, chemistry, and society -- The water for life -- Neutralizing the threat of acid rain -- The fires of nuclear fission -- Energy from electron transfer -- The world of Polymers and plastics -- Manipulating molecules and designing drugs -- Nutrition: food for thought -- Genetic engineering and the molecules of life</subfield>
  </datafield>
  <datafield tag="650" ind1="0" ind2="0">
   <subfield code="a">Geochemistry </subfield>
  </datafield>
  <datafield tag="650" ind1="0" ind2="0">
   <subfield code="a">Environmental chemistry </subfield>
  </datafield>
  <datafield tag="650" ind1="0" ind2="0">
   <subfield code="a">Biochemistry </subfield>
  </datafield>
  <datafield tag="700" ind1="1" ind2="1">
   <subfield code="a">Middlecamp, </subfield>
   <subfield code="h">Catherine H. </subfield>
  </datafield>
  <datafield tag="901" ind1=" " ind2=" ">
   <subfield code="u">www.mhhe.com</subfield>
  </datafield>
 </record>
</collection>
